| 000 | 00530nam a22001817a 4500 | ||
|---|---|---|---|
| 003 | CEME | ||
| 005 | 20210628202108.0 | ||
| 008 | 210127b xxu||||| |||| 00| 0 eng d | ||
| 020 | _a0-471-38877-7 | ||
| 040 | _c. | ||
| 082 | _a621.38132 HON | ||
| 100 |
_aLancaster, M.J Hong, Jia-Shen G _958254 |
||
| 245 | _aMicrostrip filters for rf-microwave applications | ||
| 260 |
_aNEW YORK _bJOHN WILEY _c2001 |
||
| 300 | _aXII,469P | ||
| 650 |
_aMICROWAVE CIRCUITS STRIP TRANSMISSION LINES ELECTRIC FILTERS _958255 |
||
| 942 |
_cBK _2ddc |
||
| 999 |
_c568451 _d568451 |
||